[Event "Novi Sad TS IM 106th"]
[Site "Novi Sad"]
[Date "2019.02.10"]
[Round "8"]
[White "Marjanovic, Annamaria"]
[Black "Burnett, Andrew"]
[Result "1-0"]
[WhiteElo "2320"]
[BlackElo "2153"]
[PlyCount "61"]
[EventDate "2019.02.06"]
[EventType "tourn"]
[EventRounds "9"]
[EventCountry "SRB"]
[EventCategory "1"]
[SourceTitle "CBM 189 Extra"]
[Source "ChessBase"]
[SourceDate "2019.06.03"]
[SourceVersion "1"]
[SourceVersionDate "2019.06.03"]
[SourceQuality "1"]

1. c4 e5 2. Nc3 Nc6 3. e3 g6 4. d4 d6 5. Nf3 Bg7 6. Be2 Nge7 7. 0-0 0-0 8. Rb1 exd4 9. exd4 Bf5 10. Ra1 Bg4 11. d5 Bxf3 12. Bxf3 Nd4 13. Be4 Qd7 14. Be3 Ndf5 15. Bf4 Rfe8 16. Bc2 c6 17. Ba4 Bxc3 18. bxc3 a6 19. Rb1 Red8 20. dxc6 bxc6 21. Bg5 h6 22. Bf4 Qe6 23. Qd3 g5 24. Rfe1 Qf6 25. Bd2 Ng6 26. Bc2 Nfh4 27. Be3 c5 28. Rb6 Qe6 29. Bd2 Qg4 30. Qe4 h5 31. h3 1-0

[Event "Novi Sad TS IM 106th"]
[Site "Novi Sad"]
[Date "2019.02.08"]
[Round "5"]
[White "Burnett, Andrew"]
[Black "Kosanovic, Goran A"]
[Result "0-1"]
[WhiteElo "2153"]
[BlackElo "2315"]
[PlyCount "108"]
[EventDate "2019.02.06"]
[EventType "tourn"]
[EventRounds "9"]
[EventCountry "SRB"]
[EventCategory "1"]
[SourceTitle "CBM 189 Extra"]
[Source "ChessBase"]
[SourceDate "2019.06.03"]
[SourceVersion "1"]
[SourceVersionDate "2019.06.03"]
[SourceQuality "1"]

1. d4 c5 2. d5 d6 3. e4 Nf6 4. Nc3 a6 5. a4 e5 6. Be2 Be7 7. Nf3 Nbd7 8. Nd2 0-0 9. 0-0 Ne8 10. Nc4 Bg5 11. a5 Bxc1 12. Qxc1 Qe7 13. Na4 Rb8 14. Bg4 Nef6 15. Bf3 Rd8 16. g3 Nf8 17. Bg2 Bd7 18. Nab6 Bb5 19. Re1 N8d7 20. Nxd7 Qxd7 21. Ne3 Qc7 22. Nf5 h6 23. f4 Re8 24. fxe5 Rxe5 25. Qf4 Ne8 26. Ne3 Nf6 27. Nf5 Ne8 28. Ra3 Qd8 29. Rf3 f6 30. Qd2 Bd7 31. Nh4 b6 32. axb6 Qxb6 33. Rb3 Qc7 34. Rxb8 Qxb8 35. Rb1 Nc7 36. Ng6 Re8 37. b4 Qb6 38. Kh1 Rb8 39. c3 a5 40. b5 c4 41. Rf1 Qxb5 42. e5 dxe5 43. Ne7+ Kf8 44. Ng6+ Ke8 45. Nxe5 fxe5 46. Qe3 Kd8 47. Qxe5 Ne8 48. Re1 Rb6 49. Qe7+ Kc7 50. Qe5+ Kc8 51. Be4 Nf6 52. Bf3 Qc5 53. Rd1 a4 54. Rd4 a3 0-1